Indochine - paroles Ma vie est à toi - Statistiques

Statistiques générales
  • Ce quiz a été pris 11 fois
  • Le résultat moyen est 75 sur 159
Statistiques - réponses
Réponse % Correct
à
100%
Nous
100%
je
86%
Je
86%
par
86%
de
71%
des
71%
Des
71%
es
71%
est
71%
la
71%
le
71%
les
71%
ma
71%
Ma
71%
ne
71%
se
71%
toi
71%
vie
71%
adorions
57%
bout
57%
Et
57%
et
57%
jours
57%
n'étions
57%
portant
57%
premiers
57%
que
57%
Tu
57%
avec
43%
cacher
43%
ce
43%
cible
43%
dans
43%
fleurs,
43%
juste
43%
moi,
43%
On
43%
pas
43%
qui
43%
rester
43%
reviendront
43%
sans
43%
snipers
43%
survolés
43%
te
43%
un
43%
vautours
43%
vers
43%
vivants
43%
voulions
43%
bas
29%
bat
29%
beaux
29%
ceux
29%
coeur
29%
comme
29%
conquérants
29%
dirait
29%
dit
29%
donnerais
29%
encore
29%
enfer,
29%
étendue
29%
exigions
29%
fin
29%
J'allais
29%
lumière
29%
m'as
29%
mon
29%
noir
29%
parfois
29%
près
29%
qu'une
29%
sous
29%
tous
29%
tout
29%
venu
29%
vraiment
29%
attendue
14%
chance
14%
d'être
14%
Donne-moi
14%
Donne-nous
14%
dont
14%
héro
14%
m'offrirai
14%
moment
14%
pleurs
14%
possible
14%
rêvais
14%
S'allonger
14%
ton
14%
Aucun quiz correspondant
Distribution des résultats
% des personnes avec chaque résultat
Percentile par nombre de réponses
Votre historique - résultats
Vous n’avez pas pris ce quiz